| 000 | 00386nam a2200169Ia 4500 | ||
|---|---|---|---|
| 001 | 35846 | ||
| 003 | IN-NITTTR | ||
| 005 | 20251114232910.0 | ||
| 008 | 251113s9999||||xx |||||||||||||| ||eng|| | ||
| 040 | _beng | ||
| 040 | _cIN-NITTTR | ||
| 041 | _aeng | ||
| 082 | _a621.4025 R812I | ||
| 100 | _aRoy, K. P. | ||
| 245 | 3 |
_aAn introduction to heat engines / _cRoy, K. P. |
|
| 942 |
_2ddc _cBK |
||
| 999 |
_c1340 _d1340 |
||